[Event "Rated Blitz game"]
[Site "?"]
[Date "2021.06.12"]
[Round "?"]
[White "stammargg"]
[Black "oALzKiEo"]
[Result "1-0"]
[WhiteElo "2524"]
[BlackElo "2413"]
[PlyCount "35"]
[EventDate "2021.??.??"]
[EventType "blitz"]

1. e4 e5 2. Nf3 d5 3. Nxe5 dxe4 4. d4 Bd6 5. Nc4 Nc6 6. Nxd6+ Qxd6 7. Be3 f5 8.
Qh5+ g6 9. Qh4 Nxd4 10. Na3 Qb4+ 11. c3 Qxb2 12. Bxd4 Qxa1+ 13. Kd2 Qxa2+ 14.
Nc2 Nf6 15. Qxf6 Rf8 16. Qe5+ Be6 17. Qxc7 Bb3 18. Bb5# {Normal} 1-0

[Event "Rated Blitz tournament YtuHIWbJ"]
[Site "?"]
[Date "2021.06.12"]
[Round "?"]
[White "InvisibleKoT"]
[Black "batasjon"]
[Result "1-0"]
[WhiteElo "2557"]
[BlackElo "2421"]
[PlyCount "79"]
[EventDate "2021.??.??"]
[EventType "blitz"]

1. e4 e5 2. Nf3 d5 3. exd5 e4 4. Qe2 Nf6 5. Nc3 Be7 6. Nxe4 O-O 7. Nxf6+ Bxf6
8. Qd1 Qxd5 9. d4 Bg4 10. Be2 Nc6 11. c3 Ne7 12. O-O Qh5 13. h3 Bxh3 14. gxh3
Qxh3 15. Nh2 Nd5 16. Bg4 Qh4 17. Qf3 Rad8 18. Bf4 Nxf4 19. Qxf4 Rd5 20. Nf3 Qh6
21. Qxh6 gxh6 22. Rfe1 Kh8 23. Kf1 Rg8 24. Re4 Bd8 25. Rae1 f5 26. Bxf5 Rxf5
27. Ne5 Rgf8 28. R1e2 h5 29. Nd7 Rg8 30. Re5 Rf7 31. Nc5 h4 32. Rh5 Bg5 33. Re4
h6 34. Ne6 Rf5 35. Nxg5 Rfxg5 36. Rhxh4 Kh7 37. Ke2 R8g7 38. Re6 Rf5 39. Rhxh6+
Kg8 40. Re8+ {Time forfeit} 1-0

[Event "Rated Blitz tournament YtuHIWbJ"]
[Site "?"]
[Date "2021.06.12"]
[Round "?"]
[White "masenik"]
[Black "batasjon"]
[Result "0-1"]
[WhiteElo "2408"]
[BlackElo "2415"]
[PlyCount "82"]
[EventDate "2021.??.??"]
[EventType "blitz"]

1. e4 e5 2. Nf3 d5 3. exd5 e4 4. Qe2 Nf6 5. Nc3 Be7 6. Nxe4 O-O 7. d3 Re8 8.
Bd2 Nxd5 9. g4 Bxg4 10. Rg1 f5 11. Rxg4 fxg4 12. Ne5 h5 13. O-O-O Nc6 14. Nxc6
bxc6 15. h3 Bd6 16. hxg4 Nf4 17. Qf3 Rf8 18. gxh5 Qh4 19. Nxd6 cxd6 20. Qxc6
Rad8 21. d4 d5 22. Be3 Qxh5 23. Ba6 Qg6 24. Qxg6 Nxg6 25. Bb7 Nf4 26. Kd2 Rf7
27. Ba6 g5 28. Rg1 Rg7 29. Rg3 Rd6 30. Bb5 Kf7 31. a4 Rf6 32. b4 Ke6 33. Bf1
Kf5 34. Bxf4 Kxf4 35. Be2 g4 36. c3 Rh6 37. f3 Kxg3 38. fxg4 Rh2 39. Kd3 Re7
40. Bd1 Kf4 41. a5 Re3# {Normal} 0-1

[Event "Rated Blitz tournament YtuHIWbJ"]
[Site "?"]
[Date "2021.06.12"]
[Round "?"]
[White "AST9999"]
[Black "batasjon"]
[Result "0-1"]
[WhiteElo "2365"]
[BlackElo "2415"]
[PlyCount "108"]
[EventDate "2021.??.??"]
[EventType "blitz"]

1. e4 e5 2. Nf3 d5 3. Nxe5 Bd6 4. d4 dxe4 5. Nc4 Nf6 6. Nxd6+ Qxd6 7. Nc3 O-O
8. Bg5 Nc6 9. d5 Bg4 10. f3 exf3 11. gxf3 Rfe8+ 12. Be2 Bxf3 13. dxc6 Qxd1+ 14.
Rxd1 Bxh1 15. Kf2 Bxc6 16. Rg1 Ne4+ 17. Nxe4 Bxe4 18. Bf6 Bg6 19. Bc3 c6 20. h4
f6 21. h5 Rxe2+ 22. Kxe2 Bxh5+ 23. Kd3 Bg6+ 24. Kc4 Re8 25. Kc5 Rd8 26. a3 Rd7
27. Re1 Bxc2 28. Re8+ Kf7 29. Ra8 b6+ 30. Kc4 Bd3+ 31. Kb4 c5+ 32. Ka4 h5 33.
Rh8 Kg6 34. Kb3 Be2 35. Kc2 Bd1+ 36. Kc1 Bg4 37. Bd2 Kf5 38. Re8 g5 39. Rh8 h4
40. Rh6 h3 41. Rh8 Rd3 42. Kc2 Rf3 43. Rd8 Rf2 44. Rd5+ Kg6 45. Rd8 h2 46. Rh8
Bh5 47. Rg8+ Kf5 48. Rd8 h1=Q 49. Rd5+ Kg6 50. Rd8 Qe4+ 51. Kc3 Rf3+ 52. Be3
Rxe3+ 53. Kd2 Re2+ 54. Kc1 Qc2# {Normal} 0-1

[Event "Rated Blitz game"]
[Site "?"]
[Date "2021.06.12"]
[Round "?"]
[White "Nikkkita"]
[Black "oALzKiEo"]
[Result "1-0"]
[WhiteElo "2360"]
[BlackElo "2457"]
[PlyCount "33"]
[EventDate "2021.??.??"]
[EventType "blitz"]

1. e4 e5 2. Nf3 d5 3. d4 dxe4 4. Nxe5 Bd6 5. Bc4 Bxe5 6. Qh5 Qe7 7. dxe5 g6 8.
Qe2 Qxe5 9. Nc3 Nf6 10. Bh6 Nc6 11. O-O-O Bg4 12. f3 Bf5 13. Bg7 Rg8 14. Bxf6
Qxf6 15. Nd5 Qd6 16. fxe4 Be6 17. Nf6+ {Normal} 1-0

[Event "Rated Blitz game"]
[Site "?"]
[Date "2021.06.12"]
[Round "?"]
[White "BlackMikhailTal"]
[Black "pasha1984"]
[Result "1-0"]
[WhiteElo "2515"]
[BlackElo "2416"]
[PlyCount "35"]
[EventDate "2021.??.??"]
[EventType "blitz"]

1. e4 e5 2. Nf3 d5 3. d4 dxe4 4. Nxe5 Bd6 5. Bc4 Bxe5 6. Qh5 Qe7 7. Qxe5 Qxe5
8. dxe5 Nc6 9. Nc3 Nxe5 10. Bb3 Bf5 11. Bf4 f6 12. O-O-O Ne7 13. Nb5 Rc8 14.
Nxa7 Rd8 15. Nb5 Rxd1+ 16. Rxd1 c6 17. Nc7+ Kf8 18. Rd8# {Normal} 1-0

[Event "Rated Blitz game"]
[Site "?"]
[Date "2021.06.12"]
[Round "?"]
[White "superguti"]
[Black "annaly1979"]
[Result "1-0"]
[WhiteElo "2433"]
[BlackElo "2399"]
[PlyCount "105"]
[EventDate "2021.??.??"]
[EventType "blitz"]

1. e4 e5 2. Nf3 d5 3. Nc3 dxe4 4. Nxe5 f5 5. d4 Nf6 6. Bc4 Bb4 7. Nf7 Qe7 8.
Nxh8 Be6 9. d5 Bg8 10. O-O Bd6 11. f4 Nbd7 12. Be3 a6 13. a4 O-O-O 14. Qe2 Ng4
15. Bd4 Bc5 16. Bxc5 Qxc5+ 17. Kh1 Ne3 18. Bxa6 bxa6 19. Qxa6+ Kb8 20. Rfe1 Ng4
21. Re2 Nf2+ 22. Rxf2 Qxf2 23. a5 Qc5 24. Ra3 Bxd5 25. Nxd5 Qxc2 26. h3 Qxb2
27. Ra4 c5 28. Qd6+ Kb7 29. Qc7+ Ka6 30. Qc6+ Ka7 31. Qc7+ Ka6 32. Qc6+ Ka7 33.
Nf7 Nb8 34. Qb6+ Qxb6 35. axb6+ Kb7 36. Nxd8+ Kc8 37. Ne6 Kd7 38. Nxc5+ Kc6 39.
Na6 Nd7 40. Rb4 Kxd5 41. b7 Kc6 42. b8=Q Nxb8 43. Nxb8+ Kc5 44. Rb1 Kd4 45. Kg1
Ke3 46. g3 Kf3 47. Kh2 e3 48. Nc6 h6 49. Nd4+ Kf2 50. Nxf5 e2 51. Nxg7 e1=Q 52.
Rxe1 Kxe1 53. Nf5 {Normal} 1-0

[Event "Rated Blitz tournament YtuHIWbJ"]
[Site "?"]
[Date "2021.06.12"]
[Round "?"]
[White "BuromVpered"]
[Black "InvisibleKoT"]
[Result "0-1"]
[WhiteElo "2554"]
[BlackElo "2560"]
[PlyCount "66"]
[EventDate "2021.??.??"]
[EventType "blitz"]

1. e4 e5 2. Nf3 d5 3. d4 dxe4 4. Nxe5 Bd6 5. Bc4 Bxe5 6. dxe5 Qxd1+ 7. Kxd1 Nc6
8. Bf4 Bg4+ 9. Kc1 O-O-O 10. Nc3 f6 11. Nxe4 fxe5 12. Be3 Nf6 13. Ng5 Rhe8 14.
f3 h6 15. Nf7 Rd7 16. fxg4 Na5 17. Bb3 Nxb3+ 18. axb3 Nxg4 19. Rxa7 Kb8 20. Bc5
Rxf7 21. Ra4 b6 22. Bb4 Rf2 23. Rd1 Ne3 24. Rd7 Rxc2+ 25. Kb1 Rxg2 26. Bd2 Nf5
27. Rc4 Rc8 28. Bc3 Re2 29. Rf7 g6 30. Rf6 Nd4 31. Bxd4 exd4 32. Rxd4 Rg2 33.
Rxg6 Rxg6 {Normal} 0-1

[Event "Rated Blitz game"]
[Site "?"]
[Date "2021.06.12"]
[Round "?"]
[White "Baluk"]
[Black "pasha1984"]
[Result "0-1"]
[WhiteElo "2395"]
[BlackElo "2415"]
[PlyCount "84"]
[EventDate "2021.??.??"]
[EventType "blitz"]

1. e4 e5 2. Nf3 d5 3. c3 dxe4 4. Qa4+ Nc6 5. Qxe4 Bd6 6. Bc4 Nf6 7. Qh4 e4 8.
Ng5 Ne5 9. Nxe4 Nxc4 10. Nxf6+ Qxf6 11. Qxc4 Be6 12. Qe2 O-O-O 13. O-O Rhe8 14.
d4 h5 15. Qf3 Qg6 16. Bf4 Bg4 17. Qg3 h4 18. Bxd6 hxg3 19. Bxg3 Re2 20. Na3
Rxb2 21. Nc4 Re2 22. Ne5 Qe6 23. a4 g5 24. a5 f5 25. f3 Bh5 26. a6 b6 27. Bf2
Rxe5 28. dxe5 Qxe5 29. Rae1 Qd5 30. Re7 Bf7 31. Rfe1 g4 32. Bg3 Rd7 33. Rxd7
Kxd7 34. fxg4 fxg4 35. Bh4 Kc6 36. Bg3 Qc5+ 37. Bf2 Qxc3 38. Rf1 Bd5 39. Re1
Qd2 40. Kf1 g3 41. Kg1 gxf2+ 42. Kh1 fxe1=Q# {Normal} 0-1

[Event "Rated Blitz tournament YtuHIWbJ"]
[Site "?"]
[Date "2021.06.12"]
[Round "?"]
[White "Nikita_wq"]
[Black "batasjon"]
[Result "1-0"]
[WhiteElo "2286"]
[BlackElo "2426"]
[PlyCount "119"]
[EventDate "2021.??.??"]
[EventType "blitz"]

1. e4 e5 2. Nf3 d5 3. Nxe5 Bd6 4. d4 dxe4 5. Bc4 Bxe5 6. Qh5 Qe7 7. Qxe5 Qxe5
8. dxe5 Ne7 9. Nc3 O-O 10. Be3 Nbc6 11. Nxe4 Nxe5 12. Bb3 b6 13. O-O-O c5 14.
Nd6 Ba6 15. Bf4 N7g6 16. Bxe5 Nxe5 17. Rhe1 Ng4 18. f3 Nh6 19. Bd5 Rad8 20. Ne4
Nf5 21. Ng5 Nd4 22. Bxf7+ Rxf7 23. Nxf7 Kxf7 24. c3 Nc6 25. Rxd8 Nxd8 26. b3
Ne6 27. Kd2 Bb7 28. Ke3 g5 29. Rd1 Ke7 30. g3 Bc6 31. a4 Ng7 32. g4 Ne6 33. h4
h6 34. hxg5 hxg5 35. Rh1 a5 36. Rh7+ Kd6 37. Rh6 Ke5 38. Rg6 Bd5 39. c4 Bc6 40.
Rh6 Bb7 41. Rh5 Bc6 42. f4+ Kf6 43. Rh6+ Ke7 44. f5 Nd8 45. Rg6 Be8 46. Rxg5
Nf7 47. Rg7 Kf6 48. Rh7 Bc6 49. Kf4 Bg2 50. g5+ Nxg5 51. Rh6+ Kf7 52. Kxg5 Be4
53. Rxb6 Bc2 54. Rb5 Ke7 55. Rxc5 Bxb3 56. Rxa5 Bxc4 57. f6+ Kd6 58. Rf5 Bd3
59. f7 Bxf5 60. f8=Q+ {Normal} 1-0

[Event "Rated Blitz tournament YtuHIWbJ"]
[Site "?"]
[Date "2021.06.12"]
[Round "?"]
[White "PhantomAnton"]
[Black "batasjon"]
[Result "1-0"]
[WhiteElo "2492"]
[BlackElo "2413"]
[PlyCount "45"]
[EventDate "2021.??.??"]
[EventType "blitz"]

1. e4 e5 2. Nf3 d5 3. Nc3 dxe4 4. Nxe4 f5 5. Ng3 e4 6. Ng1 Nf6 7. d3 Nc6 8. Nh3
Qe7 9. Be2 h6 10. O-O Be6 11. Nf4 Bf7 12. dxe4 fxe4 13. Be3 g5 14. Nfh5 Rd8 15.
Qe1 Kd7 16. Rd1+ Kc8 17. Rxd8+ Nxd8 18. Bxa7 b6 19. Ba6+ Nb7 20. Nxf6 Qxf6 21.
Qxe4 c6 22. Bxb6 Bd5 23. Qe8+ {Normal} 1-0

[Event "Rated Blitz tournament ATw6mf8d"]
[Site "?"]
[Date "2021.06.12"]
[Round "?"]
[White "YSA_kbpl"]
[Black "Heri72"]
[Result "1-0"]
[WhiteElo "2419"]
[BlackElo "2351"]
[PlyCount "49"]
[EventDate "2021.??.??"]
[EventType "blitz"]

1. e4 e5 2. Nf3 d5 3. d4 Bd6 4. dxe5 dxe4 5. exd6 exf3 6. dxc7 Qxc7 7. Qxf3 Nf6
8. Bb5+ Nc6 9. O-O O-O 10. Bxc6 bxc6 11. Bf4 Qb6 12. Be5 Ng4 13. Bc3 Nh6 14.
Nd2 Bf5 15. Nc4 Qa6 16. Ne3 Bg6 17. a4 Rfe8 18. h4 Rad8 19. h5 Be4 20. Qg3 g6
21. Qg5 Nf5 22. Nxf5 Bxf5 23. Qf6 Kf8 24. Bb4+ Kg8 25. h6 {Normal} 1-0

[Event "Rated Blitz game"]
[Site "?"]
[Date "2021.06.12"]
[Round "?"]
[White "Izvolite"]
[Black "annaly1979"]
[Result "0-1"]
[WhiteElo "2450"]
[BlackElo "2429"]
[PlyCount "106"]
[EventDate "2021.??.??"]
[EventType "blitz"]

1. e4 e5 2. Nf3 d5 3. exd5 e4 4. Qe2 f5 5. d3 Nf6 6. Nc3 Bb4 7. dxe4 Bxc3+ 8.
bxc3 fxe4 9. Ba3 Qxd5 10. Nd4 c5 11. Nb3 b6 12. Qc4 Be6 13. Qxd5 Bxd5 14. Bb5+
Bc6 15. Bxc6+ Nxc6 16. O-O-O O-O 17. Rd6 Rac8 18. Nd2 Rfd8 19. Rxd8+ Rxd8 20.
Re1 Re8 21. f3 e3 22. Nf1 Nd5 23. c4 Nc3 24. Rxe3 Rxe3 25. Nxe3 Nxa2+ 26. Kb2
Nab4 27. Nd5 Kf7 28. Kb3 Nxd5 29. cxd5 Nd4+ 30. Kb2 Ke7 31. c3 Nf5 32. Kb3 Ne3
33. c4 Nxg2 34. Ka4 a6 35. Bb2 g6 36. Be5 Kd7 37. Kb3 Ne3 38. Bf4 Nf5 39. Be5
Nd6 40. f4 b5 41. cxb5 axb5 42. Kc3 b4+ 43. Kd3 c4+ 44. Kd4 h6 45. Bxd6 Kxd6
46. Kxc4 b3 47. Kxb3 Kxd5 48. Kc3 Ke4 49. h4 Kxf4 50. h5 gxh5 51. Kd3 Kg3 52.
Ke2 Kg2 53. Ke3 h4 {Normal} 0-1

[Event "Rated Blitz tournament VlRrLlG3"]
[Site "?"]
[Date "2021.06.12"]
[Round "?"]
[White "MokshanovAlexey22"]
[Black "KrAKeN_1"]
[Result "1-0"]
[WhiteElo "2534"]
[BlackElo "2469"]
[PlyCount "159"]
[EventDate "2021.??.??"]
[EventType "blitz"]

1. e4 e5 2. Nf3 d5 3. d4 dxe4 4. Nxe5 Bd6 5. Nc3 Bxe5 6. dxe5 Qxd1+ 7. Nxd1 Nc6
8. Nc3 Bf5 9. Bf4 Nge7 10. Bb5 O-O-O 11. Bxc6 Nxc6 12. O-O Rde8 13. Rfe1 Nd4
14. Rac1 g5 15. Bxg5 Rhg8 16. h4 h6 17. Bxh6 Nf3+ 18. Kf1 Nxe1 19. Rxe1 Rxe5
20. Bf4 Re6 21. g3 Bg6 22. Ke2 f5 23. Ke3 Bh5 24. Bg5 Rd6 25. Nb5 Rb6 26. Nd4
Rxb2 27. Nxf5 Kd7 28. c3 Rf8 29. Nd4 Rfxf2 30. Kxe4 c5 31. Nf5 Bg6 32. g4 Rxa2
33. Rd1+ Kc7 34. Bf4+ Kc8 35. Be3 Ra4+ 36. Kd5 Bxf5 37. Bxf2 Bxg4 38. Rh1 b6
39. Rg1 Kd7 40. h5 Bxh5 41. Rg7+ Ke8 42. Bg3 Bf7+ 43. Kc6 Ra3 44. Bb8 Ke7 45.
Kb7 Rxc3 46. Bxa7 b5 47. Kc6 b4 48. Bxc5+ Ke6 49. Kb5 b3 50. Bd4 Rd3 51. Kc4
Rf3 52. Rg1 Kf5+ 53. Kb4 Ke4 54. Bc3 Rf2 55. Re1+ Kd3 56. Rd1+ Kc2 57. Rd7 b2
58. Bxb2 Kxb2 59. Rc7 Rf4+ 60. Kc5 Rf5+ 61. Kd6 Bh5 62. Rc5 Rf7 63. Ke5 Rf6 64.
Kxf6 Be2 65. Re5 Bd3 66. Rd5 Bc2 67. Re5 Kc3 68. Ke7 Bb3 69. Kd6 Kb2 70. Rf5
Bc2 71. Re5 Kc3 72. Re7 Bb3 73. Rd7 Kb2 74. Rc7 Bc2 75. Kc5 Kc3 76. Rb7 Kd2 77.
Rb6 Kd1 78. Rc6 Kc1 79. Kc4 Kb1 80. Kc3 {Time forfeit} 1-0

[Event "Rated Blitz game"]
[Site "?"]
[Date "2021.06.12"]
[Round "?"]
[White "Ashish9182"]
[Black "oALzKiEo"]
[Result "0-1"]
[WhiteElo "2301"]
[BlackElo "2445"]
[PlyCount "130"]
[EventDate "2021.??.??"]
[EventType "blitz"]

1. e4 e5 2. Nf3 d5 3. d4 dxe4 4. Nxe5 Bd6 5. Bf4 Bf5 6. Bc4 Bg6 7. Nc3 Nf6 8.
O-O Nc6 9. Re1 O-O 10. Nxg6 hxg6 11. Bxd6 Qxd6 12. Nxe4 Qxd4 13. Nxf6+ Qxf6 14.
c3 Rad8 15. Qa4 Rd2 16. Re2 Rfd8 17. Rae1 Ne5 18. Bb3 Rxe2 19. Rxe2 Qg5 20. f4
Qg4 21. Rxe5 Rd2 22. Qe8+ Kh7 23. Bd5 Qxf4 24. Bf3 Rxb2 25. Re1 Rxa2 26. Qe5
Qd2 27. Qg3 Qh6 28. Qxc7 b6 29. Qxf7 Qg5 30. Qd5 Qxd5 31. Bxd5 Rc2 32. c4 a5
33. Re6 Rb2 34. Be4 a4 35. Rxg6 Kh8 36. Rg3 Rb4 37. Bd5 Kh7 38. Bf7 Kh6 39. h4
Kh7 40. h5 Kh6 41. Rg6+ Kh7 42. Rg3 Kh6 43. Ra3 Kg5 44. Bd5 Kf4 45. Kh2 Ke5 46.
Kh3 b5 47. Re3+ Kd4 48. Re4+ Kc5 49. Re6 bxc4 50. Bf3 a3 51. Ra6 Rb3 52. h6
gxh6 53. Rxh6 c3 54. Rc6+ Kd4 55. Rd6+ Ke3 56. Re6+ Kd4 57. Rd6+ Ke3 58. Re6+
Kd4 59. Re4+ Kd3 60. Ra4 c2 61. Be4+ Kd2+ 62. Kg4 c1=Q 63. g3 Qc8+ 64. Bf5 Qg8+
65. Kh4 Qd8+ {Normal} 0-1

[Event "Rated Blitz game"]
[Site "?"]
[Date "2021.06.12"]
[Round "?"]
[White "M-K_2"]
[Black "Winquitter"]
[Result "1-0"]
[WhiteElo "2524"]
[BlackElo "2484"]
[PlyCount "113"]
[EventDate "2021.??.??"]
[EventType "blitz"]

1. e4 e5 2. Nf3 d5 3. Nxe5 Qe7 4. d4 f6 5. Nf3 dxe4 6. Nfd2 f5 7. c4 Nf6 8. Nc3
Nc6 9. Nb3 Be6 10. d5 O-O-O 11. Bd2 Nxd5 12. cxd5 Bxd5 13. Nxd5 Rxd5 14. Bc4
Rd8 15. Qe2 Ne5 16. O-O Nxc4 17. Qxc4 Qe5 18. Bc3 Qf4 19. Bb4 Bd6 20. Bxd6 Rxd6
21. Rac1 Rh6 22. g3 Qe5 23. Qc5 Qxc5 24. Rxc5 Rf8 25. Rd1 b6 26. Rcd5 f4 27.
Nd2 e3 28. fxe3 fxe3 29. Nc4 Rf2 30. h4 Rg6 31. Nxe3 Rxb2 32. Nf5 Kb7 33. R1d2
Rxd2 34. Rxd2 Rg4 35. Kf2 g6 36. Ne3 Ra4 37. Kf3 c5 38. Nd5 b5 39. Nf6 h5 40.
Nd7 Ra3+ 41. Kf4 c4 42. Ne5 c3 43. Rc2 b4 44. Nxg6 Kc6 45. Ne5+ Kd5 46. g4 Rxa2
47. Rxa2 b3 48. Ra5+ Kd4 49. Nf3+ Kc4 50. Rxa7 b2 51. Rb7 c2 52. Nd2+ Kc3 53.
Ne4+ Kc4 54. Rc7+ Kd3 55. Nc5+ Kd2 56. Nb3+ Kd1 57. Rd7+ {Time forfeit} 1-0

[Event "Rated Blitz tournament YtuHIWbJ"]
[Site "?"]
[Date "2021.06.12"]
[Round "?"]
[White "JovanPavicevic"]
[Black "batasjon"]
[Result "0-1"]
[WhiteElo "2313"]
[BlackElo "2415"]
[PlyCount "24"]
[EventDate "2021.??.??"]
[EventType "blitz"]

1. e4 e5 2. Nf3 d5 3. exd5 e4 4. Qe2 Nf6 5. d3 Qxd5 6. Nc3 Bb4 7. Bd2 Bxc3 8.
Bxc3 O-O 9. dxe4 Nxe4 10. Rd1 Qf5 11. Nd4 Qg6 12. Qf3 Bg4 {Normal} 0-1

[Event "Rated Blitz tournament 4elt8JKA"]
[Site "?"]
[Date "2021.06.12"]
[Round "?"]
[White "snayperchess"]
[Black "Minty0209"]
[Result "1/2-1/2"]
[WhiteElo "2616"]
[BlackElo "2231"]
[PlyCount "160"]
[EventDate "2021.??.??"]
[EventType "blitz"]

1. e4 e5 2. Nf3 d5 3. exd5 e4 4. Qe2 Qe7 5. Nd4 Qe5 6. c3 f5 7. d3 Nf6 8. dxe4
fxe4 9. Qb5+ Nbd7 10. Bc4 a6 11. Qa4 Bc5 12. Be3 Nxd5 13. Bxd5 Qxd5 14. Qb3 Nf6
15. Nd2 O-O 16. Nf5 Bxf5 17. Qxd5+ Nxd5 18. Bxc5 Rfe8 19. O-O-O Nf4 20. Be3
Nxg2 21. Rhg1 Nxe3 22. fxe3 Rad8 23. Nb3 b6 24. Nd4 Bg6 25. Nc6 Rd6 26. Rxd6
cxd6 27. Nd4 Rf8 28. Rg2 Rf1+ 29. Kd2 Bh5 30. a3 g6 31. a4 Ra1 32. Nc6 Rxa4 33.
Rg5 Ra2 34. Kc2 Ra1 35. Rd5 Rh1 36. Rxd6 Rxh2+ 37. Kb3 Bd1+ 38. Ka3 Bf3 39. Nd4
h5 40. Rxb6 h4 41. c4 h3 42. c5 Rh1 43. c6 Rc1 44. Rb8+ Kf7 45. Rb7+ Kf6 46.
Rh7 Bg2 47. Kb4 g5 48. Ka5 g4 49. Kxa6 g3 50. b4 h2 51. b5 h1=Q 52. Rxh1 Bxh1
53. b6 Bf3 54. b7 Rb1 55. c7 g2 56. c8=Q g1=Q 57. Qf8+ Kg5 58. Qg7+ Kh4 59.
Qxg1 Rxg1 60. b8=Q Ra1+ 61. Kb7 Rb1+ 62. Kc7 Rxb8 63. Kxb8 Kg3 64. Kc7 Kf2 65.
Nf5 Bg4 66. Nd6 Kxe3 67. Nxe4 Bd1 68. Kd6 Ba4 69. Nf6 Bb3 70. Nd5+ Kd4 71. Nb6
Ba2 72. Nc4 Bb1 73. Ne5 Be4 74. Nc6+ Kc3 75. Nb4 Kb3 76. Nd5 Bb1 77. Ne3 Kb4
78. Nc4 Kb5 79. Nd2 Bh7 80. Ne4 Bxe4 {Normal} 1/2-1/2

[Event "Rated Blitz game"]
[Site "?"]
[Date "2021.06.12"]
[Round "?"]
[White "oALzKiEo"]
[Black "magos33"]
[Result "1-0"]
[WhiteElo "2430"]
[BlackElo "2429"]
[PlyCount "135"]
[EventDate "2021.??.??"]
[EventType "blitz"]

1. e4 e5 2. Nf3 d5 3. exd5 e4 4. Qe2 Nf6 5. d3 Qxd5 6. dxe4 Qxe4 7. Nc3 Qxe2+
8. Bxe2 Bb4 9. Bd2 Bf5 10. O-O-O O-O 11. Nd4 Bd7 12. Bf3 c6 13. Kb1 Na6 14. h3
Rfe8 15. a3 Bc5 16. Be3 Rad8 17. g4 h6 18. Rhg1 Nc7 19. g5 hxg5 20. Rxg5 Be7
21. Rdg1 g6 22. Nf5 Bxf5 23. Rxf5 Ncd5 24. Nxd5 Nxd5 25. Bxd5 cxd5 26. Bxa7 d4
27. Rf4 d3 28. cxd3 Rxd3 29. Re4 Ra8 30. Rxe7 Rxa7 31. Rg3 Rd4 32. Rf3 f5 33.
Rc3 Ra8 34. Rxb7 Rh4 35. Rcc7 Rxh3 36. Rg7+ Kh8 37. Rxg6 Re8 38. Rf6 Rf3 39.
Rbf7 Re5 40. Rb6 Re8 41. Rb5 f4 42. Rb4 Rxf2 43. Rbxf4 Rfe2 44. Ka2 Rb8 45. Rb4
Rc8 46. a4 Kg8 47. Rbb7 Rc4 48. Rfc7 Rxa4+ 49. Kb3 Rf4 50. Rb8+ Rf8 51. Rxf8+
Kxf8 52. Ka3 Ke8 53. b4 Kd8 54. Rc3 Re7 55. Ka4 Rc7 56. Rxc7 Kxc7 57. b5 Kb6
58. Kb4 Kb7 59. Kc5 Kc7 60. b6+ Kb7 61. Kb5 Kb8 62. Kc6 Kc8 63. Kb5 Kb7 64. Ka5
Kb8 65. Ka6 Ka8 66. Kb5 Kb7 67. Kc5 Kb8 68. Kc6 {Time forfeit} 1-0

[Event "Rated Blitz game"]
[Site "?"]
[Date "2021.06.12"]
[Round "?"]
[White "Mabaia73"]
[Black "blastol"]
[Result "1-0"]
[WhiteElo "2354"]
[BlackElo "2408"]
[PlyCount "103"]
[EventDate "2021.??.??"]
[EventType "blitz"]

1. e4 e5 2. Nf3 d5 3. d4 dxe4 4. Nxe5 Bd6 5. Nc3 Nf6 6. Bc4 O-O 7. O-O Nc6 8.
Nxc6 bxc6 9. h3 Rb8 10. b3 Qe7 11. Bg5 Bf5 12. Re1 Rbe8 13. Ne2 h6 14. Bh4 g5
15. Bg3 Nd5 16. Bxd5 cxd5 17. Bxd6 Qxd6 18. Ng3 Bg6 19. c4 c6 20. cxd5 cxd5 21.
Rc1 f5 22. Rc5 f4 23. Nf1 f3 24. g3 Qe6 25. Kh2 Bf5 26. Ne3 Bxh3 27. Qc2 Rc8
28. Rc1 Rxc5 29. Qxc5 Rd8 30. Qxa7 Bf5 31. Rc7 Qg6 32. g4 Be6 33. Rc6 h5 34.
Qb6 Re8 35. Nxd5 hxg4 36. Ne7+ Rxe7 37. Qd8+ Kf7 38. Qh8 Qg7 39. Qh5+ Qg6 40.
Qh8 g3+ 41. Kxg3 g4 42. d5 Re8 43. dxe6+ Ke7 44. Qh4+ Kf8 45. Qxg4 Qxg4+ 46.
Kxg4 Ke7 47. Kf4 Rf8+ 48. Kxe4 Rf6 49. a4 Kd8 50. a5 Rh6 51. a6 Rh4+ 52. Kxf3 {
Normal} 1-0

[Event "Rated Blitz game"]
[Site "?"]
[Date "2021.06.12"]
[Round "?"]
[White "Guggenheimer"]
[Black "annaly1979"]
[Result "0-1"]
[WhiteElo "2463"]
[BlackElo "2423"]
[PlyCount "106"]
[EventDate "2021.??.??"]
[EventType "blitz"]

1. e4 e5 2. Nf3 d5 3. exd5 e4 4. Qe2 f5 5. d3 Nf6 6. Nc3 Bb4 7. dxe4 Bxc3+ 8.
bxc3 fxe4 9. c4 O-O 10. Nd4 c5 11. Nb3 Bf5 12. Bb2 Nbd7 13. O-O-O a5 14. a4 Re8
15. h3 Bg6 16. Qe3 Qc7 17. g4 b6 18. Be2 Ne5 19. Qg3 Qd6 20. h4 Rad8 21. h5 Bf7
22. g5 Nfd7 23. Rh4 g6 24. h6 Qe7 25. Rxe4 Qd6 26. f4 Nxc4 27. Rxe8+ Rxe8 28.
Bxc4 Re4 29. Qc3 Qxf4+ 30. Kb1 Ne5 31. Rf1 Rxc4 32. Rxf4 Rxc3 33. Bxc3 Nd7 34.
d6 Be6 35. Nd2 Bf5 36. Ne4 Kf7 37. Nf6 Nxf6 38. Bxf6 Ke6 39. Rxf5 Kxf5 40. d7
Kg4 41. d8=Q b5 42. Qd3 bxa4 43. Be5 Kxg5 44. Qg3+ Kf5 45. Qf4+ Ke6 46. Qf6+
Kd5 47. Qd6+ Ke4 48. Qd3+ Kxe5 49. Qb5 Kd4 50. Qxa4+ c4 51. Qd7+ Kc3 52. Qxh7
a4 53. Qxg6 a3 {Time forfeit} 0-1

[Event "Rated Blitz tournament YtuHIWbJ"]
[Site "?"]
[Date "2021.06.12"]
[Round "?"]
[White "Benbasat"]
[Black "iskander2007"]
[Result "1-0"]
[WhiteElo "2536"]
[BlackElo "2311"]
[PlyCount "59"]
[EventDate "2021.??.??"]
[EventType "blitz"]

1. e4 e5 2. Nf3 d5 3. exd5 e4 4. Nd4 f5 5. Nc3 Nf6 6. d3 c5 7. Nb3 Bd6 8. dxe4
Nxe4 9. Nxe4 fxe4 10. Bc4 O-O 11. O-O a6 12. a4 Bf5 13. Be3 Nd7 14. Qh5 Bg6 15.
Qg5 Nf6 16. Rae1 Qc7 17. h4 Rae8 18. Re2 b6 19. Bxa6 Re5 20. Qg3 Rf5 21. Qh3
Nh5 22. Bg5 Nf4 23. Bxf4 Rxf4 24. Nd2 Bf5 25. Qh1 Qf7 26. g3 Rg4 27. Nxe4 Bxe4
28. Rxe4 Rxg3+ 29. fxg3 Qxf1+ 30. Bxf1 {Normal} 1-0

[Event "Rated Blitz game"]
[Site "?"]
[Date "2021.06.12"]
[Round "?"]
[White "boygipit"]
[Black "MagiqueRoger"]
[Result "0-1"]
[WhiteElo "2292"]
[BlackElo "2471"]
[PlyCount "116"]
[EventDate "2021.??.??"]
[EventType "blitz"]

1. e4 e5 2. Nf3 d5 3. Nxe5 Bd6 4. d4 dxe4 5. Nc4 Be7 6. Be3 Nf6 7. h3 O-O 8.
Nc3 Bf5 9. Qd2 c6 10. a3 Nbd7 11. g4 Bg6 12. O-O-O Nd5 13. Ne5 Nxe3 14. fxe3
Nxe5 15. dxe5 Qxd2+ 16. Rxd2 Bc5 17. Nd1 Rfe8 18. h4 h5 19. b4 Bb6 20. Rd7 hxg4
21. Bc4 Rxe5 22. Rg1 Rd8 23. Rxd8+ Bxd8 24. Rxg4 Bf5 25. Rf4 g6 26. c3 b5 27.
Be2 Kg7 28. Kc2 Bb6 29. c4 bxc4 30. Bxc4 a5 31. Kd2 Re8 32. Ke2 Rh8 33. b5 cxb5
34. Bxb5 Bc7 35. Rf1 Rxh4 36. Rf2 Bg4+ 37. Kd2 Bb6 38. Nc3 f5 39. Nd5 Bc5 40.
a4 Rh3 41. Be2 Bxe2 42. Kxe2 Rh1 43. Rf1 Rxf1 44. Kxf1 Kf7 45. Ke2 Ke6 46. Nf4+
Kf6 47. Nd5+ Ke5 48. Nf4 g5 49. Ng6+ Kf6 50. Nh8 Kg7 51. Nf7 Kxf7 52. Kf2 Ke6
53. Kg3 Kd5 54. Kf2 Kc4 55. Ke2 Kb4 56. Kd2 Kxa4 57. Kc2 Kb4 58. Kd2 Kc4 {
Time forfeit} 0-1

[Event "Rated Blitz game"]
[Site "?"]
[Date "2021.06.12"]
[Round "?"]
[White "Aram67-Shag"]
[Black "oALzKiEo"]
[Result "1-0"]
[WhiteElo "2410"]
[BlackElo "2445"]
[PlyCount "43"]
[EventDate "2021.??.??"]
[EventType "blitz"]

1. e4 e5 2. Nf3 d5 3. d4 dxe4 4. Nxe5 Bd6 5. Bf4 Bf5 6. Nc3 f6 7. Bb5+ c6 8.
Bc4 fxe5 9. dxe5 Be7 10. Qe2 Bb4 11. O-O Bxc3 12. bxc3 Ne7 13. f3 Qb6+ 14. Be3
c5 15. fxe4 Be6 16. Rab1 Bxc4 17. Qxc4 Qg6 18. Rxb7 Nd7 19. e6 Ne5 20. Qxc5
N7c6 21. e7 Qe6 22. Rf8+ {Normal} 1-0

[Event "Rated Blitz game"]
[Site "?"]
[Date "2021.06.12"]
[Round "?"]
[White "Zeveraar-Glen"]
[Black "Fantastic_power06"]
[Result "1-0"]
[WhiteElo "2624"]
[BlackElo "2633"]
[PlyCount "97"]
[EventDate "2021.??.??"]
[EventType "blitz"]

1. e4 e5 2. Nf3 d5 3. exd5 e4 4. Qe2 Nf6 5. d3 Qxd5 6. dxe4 Qxe4 7. Nc3 Bb4 8.
Bd2 Qxe2+ 9. Bxe2 O-O 10. O-O-O Re8 11. Rhe1 Be6 12. Ng5 Bf5 13. Bc4 Bg6 14.
Rxe8+ Nxe8 15. Nd5 Bxd2+ 16. Rxd2 Nc6 17. f4 h6 18. f5 Bxf5 19. Nxf7 Be6 20.
Nxh6+ gxh6 21. Re2 Kf7 22. Rf2+ Kg7 23. Re2 Bf7 24. Bb3 Nd4 25. Re5 Nxb3+ 26.
axb3 Nf6 27. Nf4 Re8 28. Rc5 Re1+ 29. Kd2 Re7 30. g3 Rd7+ 31. Ke2 Re7+ 32. Kf3
Ne4 33. Rb5 Ng5+ 34. Kg4 Ne6 35. Rxb7 Nxf4 36. Kxf4 Be6 37. Rxa7 Rf7+ 38. Ke5
Bf5 39. c4 Bc2 40. b4 Re7+ 41. Kd4 Rf7 42. b5 Bf5 43. b4 Rd7+ 44. Ke5 Be6 45.
Kxe6 Rd4 46. Rxc7+ Kg6 47. b6 Re4+ 48. Kd5 Rd4+ 49. Kxd4 {Normal} 1-0